Formula 1 Teams & Drivers (2025) - Statistics

General Stats
  • This quiz has been taken 260 times
  • The average score is 25 of 30
Answer Stats
Answer Hint % Correct
Ferrari Team
96%
McLaren Team
95%
Lewis Hamilton Driver
94%
Charles Leclerc Driver
93%
Lando Norris Driver
93%
Max Verstappen Driver
92%
Mercedes Team
92%
Oscar Piastri Driver
90%
Alpine Team
89%
Haas Team
89%
Red Bull Racing Team
87%
Williams Team
87%
Yuki Tsunoda Driver
87%
George Russell Driver
86%
Oliver Bearman Driver
85%
Pierre Gasly Driver
85%
Kick Sauber Team
84%
Liam Lawson Driver
84%
Nico Hulkenburg Driver
84%
Carlos Sainz Driver
82%
Esteban Ocon Driver
82%
Aston Martin Team
81%
Fernando Alonso Driver
81%
Andrea Antonelli Kimi Driver
78%
Isack Hadjar Driver
78%
Lance Stroll Driver
78%
Alexander Albon Driver
76%
Racing Bulls Team
72%
Gabriel Bortoleto Driver
71%
Jack Doohan Driver
66%
No matching quizzes found
Score Distribution
Percent of People with Each Score
Percentile by Number Answered
Your Score History
You have not taken this quiz